<?xml version="1.0" encoding="UTF-8"?>
<record
    xmlns:xsi="http://www.w3.org/2001/XMLSchema-instance"
    xsi:schemaLocation="http://www.loc.gov/MARC21/slim http://www.loc.gov/standards/marcxml/schema/MARC21slim.xsd"
    xmlns="http://www.loc.gov/MARC21/slim">

  <leader>01880nam a22003377i 4500</leader>
  <datafield tag="999" ind1=" " ind2=" ">
    <subfield code="c">23090</subfield>
    <subfield code="d">23090</subfield>
  </datafield>
  <controlfield tag="003">AR-CdUCM</controlfield>
  <controlfield tag="008">241025b20192019 pe||||| |||| 00| 0 spa d</controlfield>
  <datafield tag="020" ind1=" " ind2=" ">
    <subfield code="a">978-612-4121-28-9</subfield>
  </datafield>
  <datafield tag="040" ind1=" " ind2=" ">
    <subfield code="a">MUNICIPALIDAD PROVINCIAL DEL CUSCO</subfield>
    <subfield code="c">BIBLIOTECA MUNICIPAL DEL CUSCO</subfield>
  </datafield>
  <datafield tag="082" ind1=" " ind2=" ">
    <subfield code="a">338.20985 / C97</subfield>
    <subfield code="b">C97</subfield>
  </datafield>
  <datafield tag="100" ind1=" " ind2=" ">
    <subfield code="a">Cusiyunca Phoco, Alex</subfield>
  </datafield>
  <datafield tag="245" ind1=" " ind2=" ">
    <subfield code="a">Derechos humanos y din&#xE1;micas socio-ambientales en contextos mineros en las regiones de Cusco y Apur&#xED;mac / </subfield>
  </datafield>
  <datafield tag="260" ind1=" " ind2=" ">
    <subfield code="a">Cusco : </subfield>
    <subfield code="b">Centro  Bartolom&#xE9; de las Casas.</subfield>
    <subfield code="c">2019</subfield>
  </datafield>
  <datafield tag="300" ind1=" " ind2=" ">
    <subfield code="a">230 p&#xE1;ginas. : </subfield>
    <subfield code="c">24 cm.</subfield>
  </datafield>
  <datafield tag="500" ind1=" " ind2=" ">
    <subfield code="z">Bibliograf&#xED;a : p&#xE1;ginas 205-207</subfield>
  </datafield>
  <datafield tag="505" ind1=" " ind2=" ">
    <subfield code="a">Felicidad en contextos mineros en el Per&#xFA;: caso de estudio en Cotabambas, Apur&#xED;mac -- Relaciones de g&#xE9;nero  y conflictos socio-ambientales en Espinar Tintaya Marquiri y Bajo Huancan&#xE9;, Reg&#xED;on Cusco, 2017 -- Situaci&#xF3;n laboral de la mujer en un contexto de miner&#xED;a aur&#xED;fera a peque&#xF1;a escala en el distrito de Camanti -- El conflicto socio-ambientales en el anexo Tapairihua -- El proceso de consulta previa en la comunidad campesina de Huaquirca: Caso Proyecto Minero Anama -- Conflicto entre agricultores y mineros artesanales: Caso Comunidad Campesina de Huancabamba- Checche- Huaraccopata, distrito Jos&#xE9; Mar&#xED;a Arguedas, Andahuaylas, Apurimac -- Expectativas de vida de estudiantes en un contexto de miner&#xED;a informal en la Amazon&#xED;a de Cusco, Per&#xFA;  </subfield>
  </datafield>
  <datafield tag="650" ind1=" " ind2=" ">
    <subfield code="a">Miner&#xED;a</subfield>
    <subfield code="9">430</subfield>
  </datafield>
  <datafield tag="650" ind1=" " ind2=" ">
    <subfield code="a">Proyecto</subfield>
    <subfield code="9">7347</subfield>
  </datafield>
  <datafield tag="650" ind1=" " ind2=" ">
    <subfield code="a">Comunidad</subfield>
    <subfield code="9">40</subfield>
  </datafield>
  <datafield tag="650" ind1=" " ind2=" ">
    <subfield code="a">Desarrollo</subfield>
    <subfield code="9">2021</subfield>
  </datafield>
  <datafield tag="650" ind1=" " ind2=" ">
    <subfield code="a">Conflicto</subfield>
    <subfield code="9">4870</subfield>
  </datafield>
  <datafield tag="650" ind1=" " ind2=" ">
    <subfield code="a">Educaci&#xF3;n</subfield>
    <subfield code="9">460</subfield>
  </datafield>
  <datafield tag="700" ind1=" " ind2=" ">
    <subfield code="a">Molina Quispe, Carlos</subfield>
    <subfield code="9">50705</subfield>
  </datafield>
  <datafield tag="700" ind1=" " ind2=" ">
    <subfield code="a">Narv&#xE1;ez L&#xF3;pez, Einer</subfield>
    <subfield code="9">50706</subfield>
  </datafield>
  <datafield tag="700" ind1=" " ind2=" ">
    <subfield code="a"> Del Pozo Loaiza, Cesar E.</subfield>
    <subfield code="9">50707</subfield>
  </datafield>
  <datafield tag="700" ind1=" " ind2=" ">
    <subfield code="a">Torres Ojeda, Claudia</subfield>
    <subfield code="9">50708</subfield>
  </datafield>
  <datafield tag="710" ind1=" " ind2=" ">
    <subfield code="a">m&#xE1;s 10 personas</subfield>
    <subfield code="9">50709</subfield>
  </datafield>
  <datafield tag="942" ind1=" " ind2=" ">
    <subfield code="2">ddc</subfield>
    <subfield code="c">LIBROS</subfield>
  </datafield>
  <datafield tag="945" ind1=" " ind2=" ">
    <subfield code="a">pbj</subfield>
    <subfield code="d">25-10-2024</subfield>
  </datafield>
  <datafield tag="952" ind1=" " ind2=" ">
    <subfield code="0">0</subfield>
    <subfield code="2">ddc</subfield>
    <subfield code="4">0</subfield>
    <subfield code="7">0</subfield>
    <subfield code="a">SH</subfield>
    <subfield code="b">SH</subfield>
    <subfield code="c">CART</subfield>
    <subfield code="d">2024-10-25</subfield>
    <subfield code="e">Donaci&#xF3;n</subfield>
    <subfield code="g">20.00</subfield>
    <subfield code="o">338.20985 / C97 </subfield>
    <subfield code="p">SH0000016821</subfield>
    <subfield code="r">2024-10-25</subfield>
    <subfield code="y">LIBROS</subfield>
  </datafield>
</record>
